000 01188nab a2200241 i 4500
001 768714001
003 CO-MdFUSB
005 20240515104009.0
008 230427s2012 us ||||| |||| 00| 0 eng a
022 _a1669-8649
040 _bspa
_aCO-MdFUSB
_cCO-MdFUSB
_dCO-MdFUSB
041 _aeng
100 _aBedford, Nancy Elizabeth,
_eautor
245 1 4 _aThe beauty of God
_b: the senses, liturgy, and christian discipleship
_c/ Nancy Elizabeth Bedford
300 _aVolumen 7, número 2 (2012), páginas 37 - 60
_c; 20 cm
520 _aEsta reflexión sobre la belleza de Dios como una que “transmite justicia, santidad, y sabiduría” fuerza al lector a luchar con la relación entre justicia y belleza. Además, lo invita a experimentar a Dios a través de todos sus sentidos, y a apreciar las expresiones artísticas como la pintura o la escultura.
546 _aTexto en inglés
650 7 _aDios
_xAmor
_9256
650 0 _aVida espiritual
_951
773 0 _049416
_981279
_d Santiago de Chile
_oR1727
_tJournal of Latin American Theology :
_w(CO-MdFUSB)118
_x1669-8949
_gVolumen 7, número 2 (2012), páginas 37 - 60
_qpágina 37
942 _cANA
945 _aJennifer - Auxiliar
999 _c68794
_d68794